Online
Catalog

La Araucana / (Record no. 52559)

MARC details
000 -CABECERA
campo de control de longitud fija 00669nam a22002537a 4500
003 - IDENTIFICADOR DEL NÚMERO DE CONTROL
campo de control DO-SdBNP
005 - FECHA Y HORA DE LA ÚLTIMA TRANSACCIÓN
campo de control 20221018104240.0
007 - CAMPO FIJO DE DESCRIPCIÓN FÍSICA--INFORMACIÓN GENERAL
campo de control de longitud fija ta
008 - DATOS DE LONGITUD FIJA--INFORMACIÓN GENERAL
campo de control de longitud fija 221018b a|||| |||| 00| 0 spa d
040 ## - FUENTE DE LA CATALOGACIÓN
Centro catalogador/agencia de origen DO-SdBNP
Lengua de catalogación spa
Centro/agencia transcriptor BNPHU
082 #4 - NÚMERO DE LA CLASIFICACIÓN DECIMAL DEWEY
Número de clasificación 861.3
Número de documento/Ítem E65a
Número de edición 22
100 1# - ENTRADA PRINCIPAL--NOMBRE DE PERSONA
Nombre de persona Ercilla y Zuniga, Alonso de,
Fechas asociadas al nombre 1533-1594.
9 (RLIN) 14255
245 13 - MENCIÓN DE TÍTULO
Título La Araucana /
Mención de responsabilidad, etc. Alonso de Ercilla
260 ## - PUBLICACIÓN, DISTRIBUCIÓN, ETC.
Lugar de publicación, distribución, etc. s.l. :
Nombre del editor, distribuidor, etc. s.n-
Fecha de publicación, distribución, etc. 196_.
300 ## - DESCRIPCIÓN FÍSICA
Extensión 125 p. :
Otras características físicas il. ;
Dimensiones 23 cm.
590 ## - NOTA LOCAL (RLIN)
Nota local Inventariado, 2022/BT
650 #4 - PUNTO DE ACCESO ADICIONAL DE MATERIA--TÉRMINO DE MATERIA
Término de materia o nombre geográfico como elemento de entrada Poesía española
9 (RLIN) 631
650 #4 - PUNTO DE ACCESO ADICIONAL DE MATERIA--TÉRMINO DE MATERIA
Término de materia o nombre geográfico como elemento de entrada Literatura española
9 (RLIN) 632
700 ## - PUNTO DE ACCESO ADICIONAL--NOMBRE DE PERSONA
9 (RLIN) 14256
700 ## - PUNTO DE ACCESO ADICIONAL--NOMBRE DE PERSONA
9 (RLIN) 14257
830 ## - PUNTO DE ACCESO ADICIONAL DE SERIE-TÍTULO UNIFORME
9 (RLIN) 14258
910 ## - DATOS DE OPCIÓN DEL USUARIO (OCLC)
Datos de opción del usuario btavárez
942 ## - ELEMENTOS DE PUNTO DE ACCESO ADICIONAL (KOHA)
Fuente del sistema de clasificación o colocación Dewey Decimal Classification
Tipo de ítem Koha Libro
Holdings
Estado de retiro Estado de pérdida Fuente del sistema de clasificación o colocación Restricciones de uso No para préstamo Código de colección Localización permanente Ubicación/localización actual Ubicación en estantería Fecha de adquisición Fuente de adquisición Total de préstamos Signatura topográfica completa Código de barras Fecha visto por última vez Precio válido a partir de Tipo de ítem Koha
    Dewey Decimal Classification Excluido de préstamo   General Biblioteca Nacional Pedro Henríquez Ureña Biblioteca Nacional Pedro Henríquez Ureña En catalogación 18.10.2022 Donación   BNPHU GR 861.3 E65a 2022-4367 18.10.2022 18.10.2022 Libro

Powered by Koha